| 000 | 00432nam a2200181Ia 4500 | ||
|---|---|---|---|
| 001 | 10306 | ||
| 005 | 20260306161822.0 | ||
| 008 | 260306t2012||||xx |||||||||||||| ||spa|| | ||
| 041 | _aESP | ||
| 082 |
_a918.5 _bR18 T. 1 2012 |
||
| 100 |
_aRaimondi, Antonio _eAUT |
||
| 245 | 0 |
_aEl Perú: _bparte preliminar |
|
| 260 | _c2012 | ||
| 300 |
_a734 páginas : _c29 cm. |
||
| 650 | _aGEN | ||
| 654 | _aCHU | ||
| 942 |
_cLIB _dJUS _fJUS _2ddc _n |
||
| 999 |
_c10306 _d10306 |
||